Historia del Derecho Romano y de los Derechos Neoromanistas.
Bewaard in:
| Hoofdauteur: | |
|---|---|
| Andere auteurs: | |
| Formaat: | Boek |
| Gepubliceerd in: |
México, D.F., México:
Universidad Nacional Autónoma de México,
1981.
|
| Editie: | Primera edición. |
| Reeks: | Instituto de Investigaciones Jurídicas. Textos Universitarios,
|
| Onderwerpen: | |
| Tags: |
Voeg label toe
Geen labels, Wees de eerste die dit record labelt!
|
MARC
| LEADER | 00000nam a2200000 a 4500 | ||
|---|---|---|---|
| 001 | UCV0581 | ||
| 003 | CL-VaPUC | ||
| 005 | 20220822114546.0 | ||
| 008 | 220706t1981 ||||| |||| 00| 0 eng d | ||
| 999 | |c 436718 |d 436716 | ||
| 020 | |a 968-58-0267-X | ||
| 040 | |c Pontificia Universidad Católica de Valparaíso | ||
| 082 | 7 | |a 340.54 BER 1981 |2 22 | |
| 100 | |a Bernal, Beatriz |9 618684 |e autora | ||
| 245 | |a Historia del Derecho Romano y de los Derechos Neoromanistas. | ||
| 250 | |a Primera edición. | ||
| 260 | |a México, D.F., México: |b Universidad Nacional Autónoma de México, |c 1981. | ||
| 300 | |a Tomo I, 440 páginas. | ||
| 490 | |a Instituto de Investigaciones Jurídicas. |a Textos Universitarios, |n 5 | ||
| 500 | |a T.I c.1 Donación Familia Prof. Alejandro Guzmán Brito. | ||
| 583 | |a last modification |c 19881130 00:00:00 |k Cristina María Rojas Aguilar | ||
| 650 | |a Derecho romano |x Historia |9 866196 | ||
| 650 | |a Derecho romano |x Influencia |9 872227 | ||
| 700 | |a Ledesma, José de Jesús |e autor |9 872228 | ||
| 942 | |c BK |2 ddc |n 0 | ||
| 952 | |0 0 |1 0 |2 ddc |4 0 |6 340_540000000000000_BER_1981 |7 0 |8 C_AGB |9 584415 |a BIBDER |b BIBDER |d 2022-07-06 |e Donación |h t.I |i 5652530 |o 340.54 BER 1981 |p 5652530 |r 2023-01-25 |t 1 |w 2022-07-06 |y BK_US |k AGB | ||